La América Latina y la revolución socialista : (Registro nro. 8017)

Detalles MARC
000 -LEADER
fixed length control field 01398nam a2200349 u 4500
001 - CONTROL NUMBER
control field 000032848
003 - CONTROL NUMBER IDENTIFIER
control field DO-SdBNP
005 - DATE AND TIME OF LATEST TRANSACTION
control field 20210420100815.0
007 - PHYSICAL DESCRIPTION FIXED FIELD--GENERAL INFORMATION
fixed length control field 000032848
008 - FIXED-LENGTH DATA ELEMENTS--GENERAL INFORMATION
fixed length control field 100813s1971 dr 000 0 spa d
040 ## - CATALOGING SOURCE
Original cataloging agency BPMSU
Language of cataloging spa
Transcribing agency BPMSU
082 #4 - DEWEY DECIMAL CLASSIFICATION NUMBER
Classification number 320.531
Item number J61a
100 1# - MAIN ENTRY--PERSONAL NAME
Personal name Jimenes Grullón, Juan Isidro,
Dates associated with a name 1903-1983
245 13 - TITLE STATEMENT
Title La América Latina y la revolución socialista :
Remainder of title análisis de la tesis "Dictadura con respaldo popular" y sus ampliaciones, de Juan Bosch /
Statement of responsibility, etc. Juan Isidro Jimenes Grullón.
260 ## - PUBLICATION, DISTRIBUTION, ETC. (IMPRINT)
Place of publication, distribution, etc. Santo Domingo :
Name of publisher, distributor, etc. Cultural Dominicana,
Date of publication, distribution, etc. 1971.
300 ## - PHYSICAL DESCRIPTION
Extent v. ;
Dimensions 21 cm.
500 ## - GENERAL NOTE
General note La biblioteca posee el v.1.
504 ## - BIBLIOGRAPHY, ETC. NOTE
Bibliography, etc Incluye bibliografía y notas al pie de páginas.
590 ## - LOCAL NOTE (RLIN)
Local note Perteneció a la biblioteca personal de Juan Isidro Jimenes–Grullón
600 14 - SUBJECT ADDED ENTRY--PERSONAL NAME
Personal name Bosch, Juan
Dates associated with a name 1909-2001
General subdivision Crítica e interpretación
Title of a work Dictadura con respaldo popular
650 #4 - SUBJECT ADDED ENTRY--TOPICAL TERM
Topical term or geographic name as entry element Socialismo en América Latina
650 #4 - SUBJECT ADDED ENTRY--TOPICAL TERM
Topical term or geographic name as entry element Oligarquia
650 #4 - SUBJECT ADDED ENTRY--TOPICAL TERM
Topical term or geographic name as entry element Clases sociales
Geographic subdivision America Latina
651 #4 - SUBJECT ADDED ENTRY--GEOGRAPHIC NAME
Geographic name América Latina
General subdivision Política y gobierno
910 ## - USER-OPTION DATA (OCLC)
User-option data Validado. Control de calidad EMS
942 ## - ADDED ENTRY ELEMENTS (KOHA)
Source of classification or shelving scheme Dewey Decimal Classification
Koha item type Libros
945 ## - LOCAL PROCESSING INFORMATION (OCLC)
a Inventariado / 2018 VM
956 ## - LOCAL ELECTRONIC LOCATION AND ACCESS (OCLC)
Host name BTAVAREZ
Access number 10
Compression information 20110727
Logon BND01
Processor of request 1453
956 ## - LOCAL ELECTRONIC LOCATION AND ACCESS (OCLC)
Host name ARIVERA
Access number 10
Compression information 20111215
Logon BND01
Processor of request 1131
956 ## - LOCAL ELECTRONIC LOCATION AND ACCESS (OCLC)
Host name EMARRERO
Access number 40
Compression information 20141207
Logon BND01
Processor of request 2232
956 ## - LOCAL ELECTRONIC LOCATION AND ACCESS (OCLC)
Host name VMATEO
Access number 10
Compression information 20150727
Logon BPMSU
Processor of request 00151
Existencias
Withdrawn status Lost status Source of classification or shelving scheme Damaged status Not for loan Collection code Home library Current library Date acquired Total Checkouts Full call number Barcode Date last seen Copy number Price effective from Koha item type
    Dewey Decimal Classification     Colección Dominicana Biblioteca Pública Metropolitana Salomé Ureña Biblioteca Pública Metropolitana Salomé Ureña 07/27/2015   BPMSU CD 320.531 J61a 1971 BPMSU15070377 07/27/2015 v.1 07/27/2015 Libros
    Dewey Decimal Classification     Colección Dominicana Biblioteca Pública Metropolitana Salomé Ureña Biblioteca Pública Metropolitana Salomé Ureña 02/21/2018   BPMSU CD 320.531 J61a 1971 BPMSU18020224 02/21/2018 v.1, e.2 02/21/2018 Libros